|
|
|
|
| LEADER |
00000nam a2200000 i 4500 |
| 001 |
ELB122011 |
| 003 |
FINmELB |
| 005 |
20201222121410.0 |
| 006 |
m o u |
| 007 |
cr cn||||||||| |
| 008 |
201221t20192019mx abd ob 000 0 spa d |
| 020 |
|
|
|a 9781512977813
|q (e-book)
|
| 020 |
|
|
|z 9786078636310
|
| 035 |
|
|
|a (OCoLC)1230507449
|
| 040 |
|
|
|a FINmELB
|b spa
|e rda
|c FINmELB
|
| 043 |
|
|
|a n-mx---
|
| 050 |
|
4 |
|a JV7402
|b .Y365 2019
|
| 080 |
|
|
|a 342.711
|
| 082 |
0 |
4 |
|a 325.10972082
|2 23
|
| 100 |
1 |
|
|a Yankelevich, Pablo,
|d 1957-
|u Centro de Estudios Históricos, El Colegio de México,
|e autor.
|
| 245 |
1 |
4 |
|a Los otros :
|b raza, normas y corrupción en la gestión de la extranjería en México, 1900-1950 /
|c Pablo Yankelevich.
|
| 264 |
|
1 |
|a Ciudad de México :
|b Bonilla Artigas Editores :
|b El Colegio de México,
|c 2019.
|
| 264 |
|
4 |
|c ©2019
|
| 300 |
|
|
|a 1 recurso en línea (334 páginas) :
|b ilustraciones, mapas, gráficas
|
| 336 |
|
|
|a texto
|b txt
|2 rdacontent/spa
|
| 337 |
|
|
|a computadora
|b c
|2 rdamedia/spa
|
| 338 |
|
|
|a recurso en línea
|b cr
|2 rdacarrier/spa
|
| 490 |
0 |
|
|a Diásporas
|
| 504 |
|
|
|a Incluye bibliografía: páginas 313-334.
|
| 505 |
0 |
0 |
|t Agradecimientos --
|t Puntos de partida --
|t Ante el yunque de la patria --
|t El servicio migratorio: andamiaje normativo e infortunio institucional --
|t Negocios de la migración --
|t Naturalización de extranjeros y ciudadanía restringida --
|t Naturalizados: número y gestión --
|t Referencias documentales y bibliográficas.
|
| 588 |
|
|
|a Descripción basada en metadatos suministrados por el editor y otras fuentes.
|
| 590 |
|
|
|a Recurso electrónico. Santa Fe, Arg.: elibro, 2020. Disponible vía World Wide Web. El acceso puede estar limitado para las bibliotecas afiliadas a elibro.
|
| 650 |
|
4 |
|a Inmigrantes
|x Condición jurídica, leyes, etc.
|z México
|y Siglo XX.
|
| 650 |
|
0 |
|a Naturalization
|z Mexico
|x History
|y 20th century.
|
| 650 |
|
0 |
|a Immigrants
|x Government policy
|z Mexico
|x History
|y 20th century.
|
| 650 |
|
0 |
|a Aliens
|x Government policy
|z Mexico
|x History
|y 20th century.
|
| 650 |
|
4 |
|a Naturalización
|z México
|x Historia
|y Siglo XX.
|
| 650 |
|
4 |
|a Ciudadanía
|z México
|x Historia
|y Siglo XX.
|
| 651 |
|
4 |
|a México
|x Emigración e inmigración
|x Leyes y legislación
|y Siglo XX.
|
| 651 |
|
4 |
|a México
|x Emigración e inmigración
|x Política gubernamental
|y Siglo XX.
|
| 651 |
|
4 |
|a México
|x Emigración e inmigración
|x Aspectos económicos
|y Siglo XX.
|
| 655 |
|
4 |
|a Libros electrónicos.
|
| 797 |
2 |
|
|a elibro, Corp.
|
| 856 |
4 |
0 |
|u https://elibro.uam.elogim.com/ereader/bidiuam/122011
|z Texto completo
|
| 950 |
|
|
|a eLibro Cátedra
|
| 950 |
|
|
|a eLibro Ciencias Sociales
|
| 950 |
|
|
|a eLibro Cátedra España
|